| 000 | 00705 a2200193 4500 | ||
|---|---|---|---|
| 999 |
_c7498 _d7498 |
||
| 020 | _a0713443863 | ||
| 050 | 0 | 0 | _aHD 6971 LIT 1984 |
| 100 | 1 |
_aLittler, Craig R. _eauthor |
|
| 245 | 1 | 0 |
_aClass at work : _bthe design, allocation & control of jobs / _cCraig R. Littler & Graeme Salaman. |
| 264 |
_aLondon : _bBatsford Academic and educational limited, _c1984 |
||
| 300 |
_a127 p. : _bill. ; |
||
| 440 | 0 | _aWork and society in the eighties | |
| 500 | _aIncludes bibliographical references and index | ||
| 504 | _aIncludes bibliographical references and index | ||
| 650 | 0 | _aIndustrial relations. | |
| 650 | 0 | _aIndustrial sociology. | |
| 700 | 1 |
_aSalaman, Graeme _eauthor |
|
| 942 |
_2lcc _cBK _h6971 _iLIT _kHD |
||